书目信息 |
| 书名: | Mirror on America | |
| 作者: | [edited by] Joan T. Mims, Elizabeth M. Nollen. | |
| 分册号: | ||
| 分册名: | 出版地: | Boston : |
|
| 出版社: | Bedford/St. Martin's | |
| 出版时间: | c2000. | |
| 页数: | xxvi, 404 p. : | |
| 开本: | 24 cm. | |
| 丛书名: | ||
| 中图分类号: | ||
| 科图分类号: | ||
| 其他分类号: | K712.03 | |
| 主题词: | ||
| 电子资源: | ||
| 000 | 01265cam 2200337 a 4500 | |
| 001 | E0733286909 | |
| 005 | 20070519092040.34 | |
| 008 | 990708s2000 maua b 001 0 eng | |
| 010 | @a 99065247 | |
| 020 | @a0312153325 (pbk. : acid-free paper). | |
| 040 | @aDLC@cDLC@dDLC | |
| 043 | @an-us--- | |
| 050 | 00 | @aE169.12@b.M555 2000 |
| 082 | 00 | @a973.92 @2 21 |
| 090 | @aK712.03/X29 | |
| 090 | @aK712.03 | |
| 092 | @aCN@b外院05-212@aCN@b外院06.1-168 | |
| 093 | @aK712.03 @2 4 | |
| 099 | @dK712.03@ex61 | |
| 245 | 00 | @aMirror on America :@bshort essays and images from popular culture / @c[edited by] Joan T. Mims, Elizabeth M. Nollen. |
| 260 | @aBoston :@bBedford/St. Martin's,@cc2000. | |
| 300 | @axxvi, 404 p. :@bill. ;@c24 cm. | |
| 504 | @aIncludes bibliographical references and index. | |
| 650 | 0 | @aPopular culture@zUnited States@xStudy and teaching (Higher) |
| 650 | 0 | @aEnglish language@xStudy and teaching (Higher)@zUnited States. |
| 650 | 0 | @aPopular culture@zUnited States. |
| 651 | 0 | @aUnited States@xCivilization@y1945- |
| 651 | 0 | @aUnited States@xCivilization@y1945-@xStudy and teaching (Higher) |
| 700 | 1 | @aMims, Joan T. |
| 700 | 1 | @aNollen, Elizabeth Mahn,@d1952- |
| 920 | @a232010@z2 | |
| Mirror on America : : short essays and images from popular culture / / [edited by] Joan T. Mims, Elizabeth M. Nollen.-Boston : : Bedford/St. Martin's, , c2000. |
| xxvi, 404 p. : : ill. ; ; 24 cm. |
| Includes bibliographical references and index. |
| ISBN 0312153325 (pbk. : acid-free paper). |
| ● |
| 相关链接 |
|
|
|
|
正题名:Mirror on America
索取号:K712.03/x61
 
预约/预借
| 序号 | 登录号 | 条形码 | 馆藏地/架位号 | 状态 | 备注 |
| 1 | 10607 | 300106070 | 第二样本阅览室/ [索取号:K712.03/x61] | 在馆 | |
| 2 | 10608 | 300106089 | 第四借阅区/ [索取号:K712.03/x61] | 在馆 |